000 00414nam a2200169Ia 4500
001 13345
005 20260306164754.0
008 260306t9999||||xx |||||||||||||| ||spa||
041 _aESP
082 _a001.42
_bT21M
100 _aTapia Fernández, Abel
_eAUT
245 0 _aMetodología de la investigación
300 _a156 páginas :
_c21 cm.
650 _aGEN
654 _aCHU
942 _cLIB
_dJUS
_fJUS
_2ddc
_n
999 _c13345
_d13345